| 000 | 00650nam a2200193Ia 4500 | ||
|---|---|---|---|
| 005 | 20250508154620.0 | ||
| 008 | 008 250505s9999 xx 000 0 eng d | ||
| 037 | _aBooks to be hide in OPAC | ||
| 040 |
_aFEDL _beng _cFEDL |
||
| 041 |
_aeng _2eng |
||
| 084 |
_a378.242, GRE/O _qFEDL |
||
| 245 | 0 | _aScientific research in British universities and colleges 1964-1965. V 2 | |
| 245 | 0 | _cGreat Britain, Education And Science (Deparment of...) Brithish Council | |
| 260 |
_aLondon, UK _bHer Majesty's Stationery Office _c1965 |
||
| 300 | _axviii,404p | ||
| 490 | _vV 1 | ||
| 942 |
_cHB _h378.242, GRE/O |
||
| 999 |
_c1351224 _d1351224 |
||